Random world flags - Statistics

General Stats
  • This quiz has been taken 17 times
  • The average score is 14 of 16
Answer Stats
Picture Answer % Correct
Bangladesh
93%
Denmark
93%
Botswana
87%
Hungary
87%
Myanmar
87%
Nicaragua
87%
Oman
87%
Palau
87%
Paraguay
87%
Slovenia
87%
Syria
87%
Tonga
87%
Mali
80%
Saint Kitts and Nevis
80%
Uzbekistan
80%
Togo
73%
No matching quizzes found
Score Distribution
Percent of People with Each Score
Percentile by Number Answered
Your Score History
You have not taken this quiz